000 00559nam a2200181Ia 4500
003 GCL
008 140319s9999 xx 000 0 ara d
040 _aGCL /
_cGCL
082 0 4 _a812.008
_bح ح
100 1 _aحسن عبد ربه
245 1 0 _aحكاية ومقتل حسن العباسى: مسرحية مصرية /
_cحسن عبد ربه
300 _a144
490 _aالهيئة العامة للاستعلامات
_v0
650 0 4 _aالادب العربى
650 0 4 _aالادب
650 0 4 _aالمسرحيات العربية
942 _2ddc
_cBK
999 _c46829
_d46829